| 000 | 01036cab a2200229 4500 | ||
|---|---|---|---|
| 001 | ABS48624 | ||
| 008 | 090401t1993 xxu||||| |||| 00| 0 eng d | ||
| 035 | _a(Sirsi) u67628 | ||
| 041 | _aeng | ||
| 245 | _aWoodhouse v Consolidated Property Corporation Ltd | ||
| 260 | _c1993 | ||
| 350 | _a0 | ||
| 490 |
_aEstates Gazette _v(1993) EG 134-137(4) |
||
| 520 | _aCA 3 November 1992. The plaintiff (W) owned a site upon which stood a timber shed, the defendants (C) were owners of an adjoining property. C started building work and served notice on W under the London Building Acts (Amendment) Act 1939 of their intention to carry out work on the party wall. Prior to the commencement of the work the wall collapsed damaging the shed. W claimed for the cost of rebuilding the shed. C appealed against the claim. Appeal dismissed. | ||
| 650 | _aCOLLAPSE | ||
| 650 | _aEASEMENTS | ||
| 650 |
_aParty walls _96258 |
||
| 650 | _aRIGHT OF SUPPORT | ||
| 690 | _aHIGHWAYS AND RIGHTS OF WAY-CASE LAW | ||
| 942 | _n0 | ||
| 948 | _c04/03/1997 | ||
| 999 |
_c42326 _d42326 |
||